France Squad WC2026 - Statistics

General Stats
  • This quiz has been taken 18 times
  • The average score is 14 of 26
Answer Stats
Position Club Player % Correct
Goalkeeper AC Milan Mike Maignan
94%
Midfield Real Madrid Aurélien Tchouaméni
76%
Attack PSG Ousmane Dembélé
76%
Defender Arsenal William Saliba
76%
Defender Bayern Munich Dayot Upamecano
71%
Attack Real Madrid Kylian Mbappé
71%
Attack Bayern Munich Michael Olise
71%
Midfield AC Milan Adrien Rabiot
65%
Attack Inter Milan Marcus Thuram
65%
Attack PSG Bradley Barcola
59%
Defender Liverpool Ibrahima Konaté
59%
Defender Barcelona Jules Koundé
59%
Defender PSG Lucas Hernandez
59%
Attack PSG Désiré Doué
53%
Defender Al Hilal Théo Hernandez
53%
Defender Aston Villa Lucas Digne
47%
Defender Chelsea Malo Gusto
47%
Midfield Fenerbahce N'Golo Kanté
47%
Midfield Manchester City Rayan Cherki
47%
Midfield PSG Warren Zaire-Emery
47%
Midfield AS Roma Manu Koné
41%
Goalkeeper Stade Rennais Brice Samba
35%
Attack Crystal Palace Jean-Philippe Mateta
35%
Defender Crystal Palace Maxence Lacroix
35%
Goalkeeper RC Lens Robin Risser
35%
Attack AS Monaco Maghnes Akhliouche
6%
No matching quizzes found
Score Distribution
Percent of People with Each Score
Percentile by Number Answered
Your Score History
You have not taken this quiz